000 00447nam a2200193Ia 4500
005 20240823035058.0
008 240823s9999||||xx |||||||||||||| ||und||
020 _a978-81-291-1948-3
041 _aENGLISH
082 _A823.92 Q2
100 _aKarthick Iyengar
245 0 _aHorn ok Please Hopping to Conclusions
250 _a1st
260 _c2012
_bRupa
500 _aYES
650 _aNovel
_bEnglish
942 _cBK
999 _c199824
_d199824